000 00230nam a22000857a 4500
008 160914b xxu||||| |||| 00| 0 eng d
100 _9479
_aBurns.D.etal
245 _aEnglish Grammar- 6
260 _aNew Delhi
_bCordova Publications
_c2012
999 _c3136
_d3136